Racionalizácia v technike a technológii prieskumného vŕtania : zborník prednášok z 12. celoštátneho seminára /

Uložené v:
Podrobná bibliografia
Ďalší autori: Strniště, Karol (Compiler)
Médium: Kniha
Jazyk:Slovak
Vydané: Košice : Dom techniky Československej vedeckotechnickej spoločnosti, 1985.
Vydanie:1. vyd.
ISBN: (brož.)
Fyzický popis: 189 s.
Tagy: Pridať tag
Žiadne tagy, Buďte prvý kto otaguje tento záznam!

MARC

LEADER 00000nam a2200000 a 4500
001 000397604
005 20120825081043.0
008 040101s1985 xo e slo d
020 |a (brož.)  |c Kčs 66,00 
040 |a SVKKK  |b slo  |c SVKKK  |e AACR2 
041 0 |a slo 
044 |a xo  |c SK 
245 0 0 |a Racionalizácia v technike a technológii prieskumného vŕtania :  |b zborník prednášok z 12. celoštátneho seminára /  |c uprav.: Karol Strniště. 
250 |a 1. vyd. 
260 |a Košice :  |b Dom techniky Československej vedeckotechnickej spoločnosti,  |c 1985. 
300 |a 189 s. 
700 1 |a Strniště, Karol.  |4 com 
910 |a svkkk 
998 |a BK 
090 |g SCKHL  |k Sklad Pribinova 2. posch.  |a II.297655  |j 733302  |i B256370  |s Absenčne